Catálogo
 En Linea

La resurreción de los pueblos / (Registro nro. 29779)

Detalles MARC
000 -CABECERA
campo de control de longitud fija 00810nam a2200217 a 4500
001 - NÚMERO DE CONTROL
campo de control 000030287
005 - FECHA Y HORA DE LA ÚLTIMA TRANSACCIÓN
campo de control 20200930060212.0
008 - DATOS DE LONGITUD FIJA--INFORMACIÓN GENERAL
campo de control de longitud fija 110509s1980 dr 000 0 spa d
040 ## - FUENTE DE LA CATALOGACIÓN
Centro catalogador/agencia de origen DO-SdBNP
Lengua de catalogación spa
Centro/agencia transcriptor BNPHU
082 ## - NÚMERO DE LA CLASIFICACIÓN DECIMAL DEWEY
Número de clasificación xxx
-- F673r
049 ## - FONDOS LOCALES (OCLC)
Fondos de biblioteca BNPD
100 1# - ENTRADA PRINCIPAL--NOMBRE DE PERSONA
Nombre de persona Fondeur Cruz, Eugenio H.
Fechas asociadas al nombre 1923-
9 (RLIN) 56963
245 10 - MENCIÓN DE TÍTULO
Título La resurreción de los pueblos /
Mención de responsabilidad, etc. Eugenio H. Fondeur Cruz.
260 ## - PUBLICACIÓN, DISTRIBUCIÓN, ETC.
Lugar de publicación, distribución, etc. Santo Domingo :
Nombre del editor, distribuidor, etc. [S. N.],
Fecha de publicación, distribución, etc. 1980.
300 ## - DESCRIPCIÓN FÍSICA
Extensión 100 p. ;
Dimensiones 16 cm.
490 1# - MENCIÓN DE SERIE
Mención de serie Mensajes
Designación de volumen o secuencia no. 1
490 1# - MENCIÓN DE SERIE
Mención de serie La resurreción de los pueblos
Designación de volumen o secuencia 1
500 ## - NOTA GENERAL
Nota general Avance a la doctrina de la resurreción de los pueblos y del sistema de gobierno que establecera en el país si así lo decidiesen los ciudadanos dominicanos
830 #0 - PUNTO DE ACCESO ADICIONAL DE SERIE-TÍTULO UNIFORME
Título uniforme Mensajes
Designación de volumen o secuencia no. 1
9 (RLIN) 56964
830 #0 - PUNTO DE ACCESO ADICIONAL DE SERIE-TÍTULO UNIFORME
Título uniforme La resurreción de los pueblos ;
Designación de volumen o secuencia 1
9 (RLIN) 56965
Existencias
Estado de retiro Estado de pérdida Restricciones de uso No para préstamo Código de colección Localización permanente Ubicación/localización actual Ubicación en estantería Fecha de adquisición Número de inventario Total de préstamos Signatura topográfica completa Código de barras Fecha visto por última vez Número de copia Precio válido a partir de Tipo de ítem Koha
        Dominicana de Servicio General General En catalogación 09.05.2011 LF1   xxx F673r 30287-30 25.06.2020 e. 3 25.06.2020 Libro y Folleto Colección Dominicana de Servicio
        Dominicana de Servicio General General En catalogación 10.05.2011 LF1   xxx F673r 30287-40 25.06.2020 e. 4 25.06.2020 Libro y Folleto Colección Dominicana de Servicio
  Extraviado     Dominicana de Servicio General General Extraviado 10.05.2011 LF1   xxx F673r 30287-50 25.06.2020 e. 5 25.06.2020 Libro y Folleto Colección Dominicana de Servicio
      Excluido de préstamo Patrimonio Dominicano Patrimonio Dominicano Patrimonio Dominicano En catalogación 09.05.2011 LF1   xxx F673r 30287-10 25.06.2020   25.06.2020 Libro y Folleto Colección Patrimonio Dominicano
      Excluido de préstamo Patrimonio Dominicano Patrimonio Dominicano Patrimonio Dominicano En catalogación 09.05.2011 LF1   xxx F673r 30287-20 25.06.2020 e. 2 25.06.2020 Libro y Folleto Colección Patrimonio Dominicano

Con tecnología Koha